000 01136nam a2200265 4500
001 9773
003 OSt
005 20240305124430.0
007 tu
008 d19922017||| ger
022 _a0942-3397
040 _cSTAFF
_dSTAFF
110 2 _aBrandenburgisches Landesamt für Denkmalpflege
245 0 0 _aBrandenburgische Denkmalpflege
_cHerausgegeben vom Brandenburgischen Landesamt für Denkmalpflege
264 _aBerlin
_bWillmuth Arenhövel; ab 2014 Geymüller Verl. Für Architektur, Aachen
_c1992-2021
365 _cDEM
500 _a1)1992; (2)1993; (3)1994; (4)1995; (6)1996; (7)1998; (8) 1999; (9)2000; (10)2001; (11) 2002; (12) 2003; (13) 2004; (14)2005; (15)2006; (16)2007; (17)2008; (18)2009; (19)2010; (20)2011; (21)2012; (22)2013; Neue Folge, Jahrgang (1)20015; (2)2016 ; (3) 2017 (4)2018; 5(2019); 6 (2020); 7 (2021)
515 _azweimal jährlich
546 _adeutsch
650 0 4 _aDenkmalpflege
650 0 4 _aBrandenburg
650 0 4 _aZeitschrift
650 0 4 _aNr. 2/ 2012 Angaben zur Evangelisch-lutherischen (altlutherische) KircheThiele- Ecke Huttenstraße, S. 22
942 _2z
_cZS
999 _c70654
_d70654